[Event "Titled Tuesday intern op 21st May Early"]
[Site "Chess.com INT"]
[Date "2024.05.21"]
[Round "8"]
[White "Ruxton, Keith"]
[Black "Klepikov, Nikita"]
[Result "0-1"]
[WhiteElo "2289"]
[BlackElo "2059"]
[PlyCount "108"]
[EventDate "2024.05.21"]
[EventType "swiss (blitz)"]
[EventRounds "11"]
[EventCountry "USA"]
[SourceTitle "CBM 220 Extra"]
[Source "ChessBase"]
[SourceDate "2024.07.31"]
[SourceVersion "1"]
[SourceVersionDate "2024.07.31"]
[SourceQuality "1"]

1. d4 Nf6 2. c4 d6 3. Nc3 e5 4. Nf3 Nbd7 5. e4 g6 6. Be2 Bg7 7. 0-0 0-0 8. Be3 Qe7 9. Qc2 exd4 10. Nxd4 Re8 11. Rad1 Nxe4 12. Nxe4 Qxe4 13. Qxe4 Rxe4 14. Nb5 Bxb2 15. Nxc7 Rb8 16. Bxa7 Rxe2 17. Bxb8 Nxb8 18. Rxd6 Nc6 19. h4 Be5 20. Ne8 Bxd6 21. Nxd6 Be6 22. c5 Rb2 23. a3 Ne5 24. f3 Nc4 25. Ne4 Nxa3 26. g4 Rb1 27. Nd6 Rxf1+ 28. Kxf1 Bd5 29. Ke2 Nc4 30. Nb5 Bc6 31. Nd4 Ne5 32. Ke3 f6 33. h5 Kf7 34. hxg6+ hxg6 35. Kf2 Nd7 36. f4 Nxc5 37. g5 fxg5 38. fxg5 Ne6 39. Ne2 Nxg5 40. Ke3 Ne6 41. Nc3 Kf6 42. Kf2 Ke5 43. Kg3 g5 44. Kg4 Kd4 45. Ne2+ Ke3 46. Ng3 b5 47. Kf5 Bd5 48. Ke5 Bc4 49. Ne4 g4 50. Nd6 g3 51. Nf5+ Kf2 52. Nh4 g2 53. Nxg2 Kxg2 54. Ke4 Kf2 0-1

[Event "Edinburgh Allegro op"]
[Site "Edinburgh"]
[Date "2023.08.05"]
[Round "4"]
[White "Chisholm, Mike"]
[Black "Ruxton, Keith"]
[Result "0-1"]
[WhiteElo "1840"]
[BlackElo "2302"]
[PlyCount "78"]
[EventDate "2023.08.05"]
[EventType "swiss (rapid)"]
[EventRounds "5"]
[EventCountry "SCO"]
[SourceTitle "CBM 215 Extra"]
[Source "ChessBase"]
[SourceDate "2023.09.30"]
[SourceVersion "1"]
[SourceVersionDate "2023.09.30"]
[SourceQuality "1"]

1. e4 c6 2. d4 d5 3. e5 Bf5 4. h4 h5 5. Bd3 Bxd3 6. Qxd3 Qa5+ 7. Nd2 e6 8. Ngf3 Nh6 9. 0-0 Nf5 10. Nb3 Qb5 11. Qd1 c5 12. a4 Qb6 13. dxc5 Bxc5 14. Nxc5 Qxc5 15. c3 Nc6 16. Re1 Rd8 17. Bg5 Rd7 18. Rc1 a5 19. Nd4 Nce7 20. Bxe7 Nxe7 21. Re3 g6 22. Rg3 Qb6 23. Qd2 Qd8 24. Qe2 Kf8 25. Qf3 Nf5 26. Nxf5 gxf5 27. Qf4 Rc7 28. b4 Rc4 29. Qd2 Qxh4 30. bxa5 f4 31. Rh3 Qg4 32. a6 bxa6 33. Rb1 Kg7 34. f3 Qf5 35. Rb4 Rhc8 36. Rxc4 Rxc4 37. Qf2 Rxc3 38. Kh2 Rc2 39. Qh4 Qg6 0-1

[Event "Edinburgh Park op"]
[Site "Edinburgh"]
[Date "2023.03.04"]
[Round "3"]
[White "Ruxton, Keith"]
[Black "Gera, Marvin"]
[Result "1-0"]
[WhiteElo "2294"]
[BlackElo "1842"]
[PlyCount "53"]
[EventDate "2023.03.04"]
[EventType "swiss"]
[EventRounds "5"]
[EventCountry "SCO"]
[SourceTitle "CBM 213 Extra"]
[Source "ChessBase"]
[SourceDate "2023.05.31"]
[SourceVersion "1"]
[SourceVersionDate "2023.05.31"]
[SourceQuality "1"]

1. d4 f5 2. c4 Nf6 3. g3 e6 4. Bg2 Be7 5. Nc3 0-0 6. Nf3 d6 7. 0-0 Ne4 8. Nxe4 fxe4 9. Ne1 d5 10. Be3 b6 11. Rc1 Bb7 12. cxd5 exd5 13. f3 exf3 14. Nxf3 Nd7 15. Qc2 c6 16. Bh3 Bf6 17. Bf5 g6 18. Bxg6 hxg6 19. Qxg6+ Kh8 20. Qh5+ Kg8 21. Bh6 Re8 22. Ng5 Re7 23. Rxf6 Nxf6 24. Qg6+ Kh8 25. Qxf6+ Kg8 26. Qg6+ Kh8 27. Rf1 1-0

[Event "Oban op"]
[Site "Oban"]
[Date "2008.11.28"]
[Round "1"]
[White "Ruxton, Keith"]
[Black "Peters, Jan"]
[Result "1-0"]
[WhiteElo "2373"]
[BlackElo "1971"]
[PlyCount "71"]
[EventDate "2008.11.28"]
[EventType "swiss"]
[EventRounds "5"]
[EventCountry "SCO"]
[SourceTitle "EXT 2011"]
[Source "ChessBase"]
[SourceDate "2010.11.26"]
[SourceVersion "1"]
[SourceVersionDate "2010.11.26"]
[SourceQuality "1"]

1. Nf3 c5 2. c4 Nc6 3. d4 cxd4 4. Nxd4 Nf6 5. g3 g6 6. Bg2 Bg7 7. 0-0 0-0 8. Nc3 a6 9. Nb3 d6 10. Bg5 h6 11. Bf4 Be6 12. Nd5 Nh5 13. Be3 Kh7 14. Nd4 Rc8 15. Nb6 Rc7 16. Rc1 Nxd4 17. Bxd4 Bxd4 18. Qxd4 Nf6 19. a4 a5 20. e4 Rc5 21. Nd5 Nd7 22. b3 Ne5 23. f4 Nc6 24. Qe3 Bc8 25. f5 g5 26. e5 Nxe5 27. f6 exf6 28. Nxf6+ Kg7 29. Bd5 Be6 30. Qe4 Rh8 31. Nh5+ Kg8 32. Bxe6 fxe6 33. Rf6 Qe8 34. Rcf1 Rc6 35. g4 Rc7 36. c5 1-0

[Event "EU-chT (Men) 16th"]
[Site "Heraklion"]
[Date "2007.11.06"]
[Round "9.2"]
[White "Aristotelous, Vassilis"]
[Black "Ruxton, Keith"]
[Result "0-1"]
[WhiteElo "1960"]
[BlackElo "2314"]
[PlyCount "88"]
[EventDate "2007.10.28"]
[EventType "team-swiss"]
[EventRounds "9"]
[EventCountry "GRE"]
[SourceTitle "CBM 121"]
[Source "ChessBase"]
[SourceDate "2007.11.14"]
[SourceVersion "1"]
[SourceVersionDate "2007.11.14"]
[SourceQuality "1"]
[WhiteTeam "Cyprus"]
[BlackTeam "Scotland"]
[WhiteTeamCountry "CYP"]
[BlackTeamCountry "SCO"]

1. e4 c5 2. Nc3 d6 3. f4 g6 4. Nf3 Bg7 5. d3 Nc6 6. g3 e6 7. Bg2 Nge7 8. 0-0 0-0 9. g4 f5 10. h3 Rb8 11. Ne2 b5 12. Ng3 Nd4 13. Nxd4 Bxd4+ 14. Kh2 b4 15. Qe2 Bd7 16. Rb1 Bg7 17. Be3 Qc7 18. Qf2 Rbe8 19. Kh1 Bc6 20. Qg1 Rf7 21. Ne2 Ref8 22. Rf2 Bf6 23. Bf3 Bh4 24. Rg2 Qb7 25. Ng3 Bxg3 26. Rxg3 fxe4 27. Bxe4 Bxe4+ 28. dxe4 Qxe4+ 29. Qg2 Qxg2+ 30. Kxg2 Nd5 31. Rf1 Nxf4+ 32. Kh2 Nd5 33. Rxf7 Rxf7 34. Bh6 c4 35. Rg2 Rf1 36. Kg3 Kf7 37. Rf2+ Rxf2 38. Kxf2 e5 39. Kf3 Ke6 40. h4 c3 41. b3 Nc7 42. Be3 Nb5 43. Ke2 Kd5 44. Kd3 Nd4 0-1

[Event "EU-chT (Men) 16th"]
[Site "Heraklion"]
[Date "2007.11.05"]
[Round "8.2"]
[White "Ruxton, Keith"]
[Black "Van Hoolandt, Patrick"]
[Result "1-0"]
[WhiteElo "2314"]
[BlackElo "2245"]
[PlyCount "71"]
[EventDate "2007.10.28"]
[EventType "team-swiss"]
[EventRounds "9"]
[EventCountry "GRE"]
[SourceTitle "CBM 121"]
[Source "ChessBase"]
[SourceDate "2007.11.14"]
[SourceVersion "1"]
[SourceVersionDate "2007.11.14"]
[SourceQuality "1"]
[WhiteTeam "Scotland"]
[BlackTeam "Monaco"]
[WhiteTeamCountry "SCO"]
[BlackTeamCountry "MNC"]

1. Nf3 Nf6 2. c4 e6 3. Nc3 Bb4 4. Qb3 c5 5. a3 Ba5 6. g3 0-0 7. Bg2 Nc6 8. 0-0 d6 9. d3 h6 10. e3 e5 11. Nd2 Re8 12. Nd5 Nxd5 13. cxd5 Ne7 14. e4 Bxd2 15. Bxd2 Ng6 16. Rae1 Rb8 17. f4 exf4 18. gxf4 b5 19. Re3 Nh4 20. Rg3 Nxg2 21. Kxg2 b4 22. Rg1 f5 23. axb4 cxb4 24. Be3 Rb7 25. Bd4 Qh4 26. Kh1 Ree7 27. Qc2 Rbc7 28. Qg2 g5 29. fxg5 f4 30. Rf3 h5 31. Rgf1 b3 32. Rxf4 Bg4 33. Rf8+ Kh7 34. Rh8+ Kg6 35. Rh6+ Kxg5 36. Be3# 1-0

[Event "EU-chT (Men) 16th"]
[Site "Heraklion"]
[Date "2007.11.01"]
[Round "5.2"]
[White "Ruxton, Keith"]
[Black "Rozentalis, Eduardas"]
[Result "0-1"]
[WhiteElo "2314"]
[BlackElo "2581"]
[PlyCount "58"]
[EventDate "2007.10.28"]
[EventType "team-swiss"]
[EventRounds "9"]
[EventCountry "GRE"]
[SourceTitle "CBM 121"]
[Source "ChessBase"]
[SourceDate "2007.11.14"]
[SourceVersion "1"]
[SourceVersionDate "2007.11.14"]
[SourceQuality "1"]
[WhiteTeam "Scotland"]
[BlackTeam "Lithuania"]
[WhiteTeamCountry "SCO"]
[BlackTeamCountry "LTU"]

1. Nf3 b6 2. e4 Bb7 3. Nc3 e6 4. d4 Bb4 5. Bd3 Nf6 6. Qe2 d5 7. exd5 Qxd5 8. Bd2 Bxc3 9. bxc3 Nbd7 10. 0-0 0-0 11. c4 Qh5 12. Ng5 Qxe2 13. Bxe2 e5 14. dxe5 Nxe5 15. c5 h6 16. Nh3 Rfe8 17. cxb6 axb6 18. a4 Ne4 19. Be1 Ba6 20. Bxa6 Rxa6 21. f3 Nd6 22. Nf4 c6 23. Bc3 Nec4 24. Nh5 Re2 25. Rfe1 Rxc2 26. Bd4 Ra5 27. g4 Rd5 28. Rad1 Rd2 29. Rxd2 Nxd2 0-1

[Event "EU-chT (Men) 16th"]
[Site "Heraklion"]
[Date "2007.10.30"]
[Round "3.2"]
[White "Ruxton, Keith"]
[Black "Gajewski, Grzegorz"]
[Result "0-1"]
[WhiteElo "2314"]
[BlackElo "2573"]
[PlyCount "84"]
[EventDate "2007.10.28"]
[EventType "team-swiss"]
[EventRounds "9"]
[EventCountry "GRE"]
[SourceTitle "CBM 121"]
[Source "ChessBase"]
[SourceDate "2007.11.14"]
[SourceVersion "1"]
[SourceVersionDate "2007.11.14"]
[SourceQuality "1"]
[WhiteTeam "Scotland"]
[BlackTeam "Poland"]
[WhiteTeamCountry "SCO"]
[BlackTeamCountry "POL"]

1. Nf3 Nf6 2. c4 e6 3. Nc3 Bb4 4. Qc2 0-0 5. a3 Bxc3 6. Qxc3 d6 7. e3 b6 8. Be2 Bb7 9. 0-0 Nbd7 10. b4 e5 11. Bb2 Ne4 12. Qc2 f5 13. d4 Ng5 14. d5 Nxf3+ 15. Bxf3 Qg5 16. c5 bxc5 17. bxc5 Ba6 18. Rfc1 e4 19. Be2 Bxe2 20. Qxe2 Nxc5 21. Bd4 Nb3 22. Rxc7 Nxd4 23. exd4 Rae8 24. Rb1 f4 25. h4 Qf6 26. Rbb7 e3 27. h5 Kh8 28. Rxg7 Qxg7 29. Rxg7 Kxg7 30. Kh2 Kh6 31. Kh3 Rf5 32. g4 f3 33. Qa6 Rf6 34. Qxa7 exf2 35. Kh4 Re4 36. Qa6 Kg7 37. Qb7+ Kg8 38. Kg5 Rf7 39. Qb8+ Rf8 40. Qb5 h6+ 41. Kh4 Re1 42. Qd3 Rf6 0-1

[Event "Gibraltar Masters"]
[Site "Gibraltar"]
[Date "2007.01.31"]
[Round "8"]
[White "Ruxton, Keith"]
[Black "Harika, Dronavalli"]
[Result "0-1"]
[WhiteElo "2282"]
[BlackElo "2421"]
[PlyCount "100"]
[EventDate "2007.01.23"]
[EventType "swiss"]
[EventRounds "9"]
[EventCountry "ENG"]
[SourceTitle "CBM 116 Extra"]
[Source "ChessBase"]
[SourceDate "2007.03.07"]
[SourceVersion "1"]
[SourceVersionDate "2007.03.07"]
[SourceQuality "1"]

1. Nf3 d6 2. d4 g6 3. c4 Bg7 4. Nc3 Bg4 5. e3 c5 6. Be2 cxd4 7. exd4 Nh6 8. Bxh6 Bxh6 9. Qb3 Qc8 10. h3 Bxf3 11. Bxf3 Nc6 12. Qa4 0-0 13. Rd1 Bg7 14. Ne2 Qc7 15. 0-0 Qb6 16. Qb5 Qc7 17. Qa4 a6 18. Rd3 Rab8 19. Rfd1 Rfc8 20. Nc3 e6 21. Bxc6 bxc6 22. Qc2 d5 23. Na4 Rb4 24. c5 Rc4 25. Qb3 Rb8 26. Nb6 e5 27. Qa3 Rc2 28. Rc3 Re2 29. Qxa6 Rxb2 30. Rb3 Rxb3 31. axb3 exd4 32. Re1 Rd8 33. g3 Bf6 34. b4 Kg7 35. Kg2 h5 36. h4 Qb8 37. Qe2 Qa7 38. Qd3 Qa2 39. Re2 Qa1 40. b5 cxb5 41. Qxb5 Qc3 42. c6 Rb8 43. c7 Qxc7 44. Nxd5 Qxg3+ 45. fxg3 Rxb5 46. Nc7 d3 47. Rf2 Re5 48. Rf3 Bd8 49. Na6 d2 50. Rd3 Ba5 0-1

[Event "Gibraltar Masters"]
[Site "Gibraltar"]
[Date "2007.01.29"]
[Round "6"]
[White "Ruxton, Keith"]
[Black "Bradford, Joseph M"]
[Result "1/2-1/2"]
[WhiteElo "2282"]
[BlackElo "2453"]
[PlyCount "80"]
[EventDate "2007.01.23"]
[EventType "swiss"]
[EventRounds "9"]
[EventCountry "ENG"]
[SourceTitle "CBM 116 Extra"]
[Source "ChessBase"]
[SourceDate "2007.03.07"]
[SourceVersion "1"]
[SourceVersionDate "2007.03.07"]
[SourceQuality "1"]

1. Nf3 Nf6 2. c4 g6 3. Nc3 Bg7 4. e4 d6 5. Be2 0-0 6. d4 e5 7. 0-0 Nc6 8. d5 Ne7 9. b4 Nh5 10. Re1 f5 11. Ng5 Nf6 12. Bf3 h6 13. Ne6 Bxe6 14. dxe6 c6 15. Be3 Kh8 16. b5 fxe4 17. Nxe4 Nxe4 18. Bxe4 Rf6 19. Qd2 d5 20. cxd5 cxd5 21. Bc5 Rxe6 22. Bxe7 Rxe7 23. Qxd5 Qxd5 24. Bxd5 Bf6 25. Kf1 Kg7 26. Rad1 Rd8 27. Bb3 Red7 28. Rxd7+ Rxd7 29. Rd1 Rxd1+ 30. Bxd1 a6 31. bxa6 bxa6 32. Ke2 Bd8 33. Kf3 Bb6 34. Be2 a5 35. Bd3 Kf6 36. h4 h5 37. Be4 Bc5 38. a4 Bb6 39. Bd5 Bc5 40. Be4 Bb6 1/2-1/2

[Event "Gibraltar Masters"]
[Site "Gibraltar"]
[Date "2007.01.26"]
[Round "4"]
[White "Ruxton, Keith"]
[Black "Kristjansson, Stefan"]
[Result "1/2-1/2"]
[WhiteElo "2282"]
[BlackElo "2485"]
[PlyCount "121"]
[EventDate "2007.01.23"]
[EventType "swiss"]
[EventRounds "9"]
[EventCountry "ENG"]
[SourceTitle "CBM 116 Extra"]
[Source "ChessBase"]
[SourceDate "2007.03.07"]
[SourceVersion "1"]
[SourceVersionDate "2007.03.07"]
[SourceQuality "1"]

1. Nf3 Nf6 2. c4 e6 3. Nc3 c5 4. g3 b6 5. Bg2 Bb7 6. 0-0 d6 7. Re1 Be7 8. e4 0-0 9. d4 cxd4 10. Nxd4 Qc8 11. Be3 a6 12. Rc1 Nbd7 13. f4 Re8 14. g4 g6 15. g5 Nh5 16. f5 Qxc4 17. Na4 Qxa2 18. Bf1 b5 19. Ra1 Qxa1 20. Qxa1 exf5 21. exf5 bxa4 22. Bg2 Bxg2 23. Kxg2 Ne5 24. f6 Bxf6 25. gxf6 Nd3 26. Bd2 Nxe1+ 27. Bxe1 Nxf6 28. Bc3 Nd5 29. Qxa4 Nxc3 30. bxc3 a5 31. Nc6 Re2+ 32. Kf1 Rae8 33. Nd4 R2e5 34. Qd7 d5 35. Qa7 Rh5 36. Kg2 Rg5+ 37. Kf2 Rh5 38. Nf3 Rf5 39. h3 Re4 40. Kg3 a4 41. Nd4 Re3+ 42. Kg2 Rg5+ 43. Kf2 Rxh3 44. Qxa4 Re5 45. Qc6 Rhe3 46. Qd6 Re8 47. Nb5 R3e5 48. Nc7 Rf5+ 49. Kg2 Re2+ 50. Kg1 Re1+ 51. Kg2 Re2+ 52. Kg1 Kg7 53. Nxd5 Rd2 54. c4 Rd4 55. Qg3 Rxc4 56. Ne3 Rc1+ 57. Kg2 Rfc5 58. Qf4 h5 59. Nf5+ gxf5 60. Qg5+ Kf8 61. Qd8+ 1/2-1/2

[Event "Gibraltar Masters"]
[Site "Gibraltar"]
[Date "2007.01.23"]
[Round "1"]
[White "Stefanova, Antoaneta"]
[Black "Ruxton, Keith"]
[Result "1/2-1/2"]
[WhiteElo "2483"]
[BlackElo "2282"]
[PlyCount "166"]
[EventDate "2007.01.23"]
[EventType "swiss"]
[EventRounds "9"]
[EventCountry "ENG"]
[SourceTitle "CBM 116 Extra"]
[Source "ChessBase"]
[SourceDate "2007.03.07"]
[SourceVersion "1"]
[SourceVersionDate "2007.03.07"]
[SourceQuality "1"]

1. Nf3 Nf6 2. g3 g6 3. d4 Bg7 4. Bg2 0-0 5. c4 d6 6. Nc3 Nbd7 7. 0-0 e5 8. h3 a6 9. Qc2 Rb8 10. Rd1 Re8 11. dxe5 dxe5 12. c5 c6 13. b4 Qc7 14. Nd2 Nf8 15. Nc4 Ne6 16. Be3 Nh5 17. Ne4 Rf8 18. Ned6 Bd7 19. Qd2 Rbd8 20. a4 Nd4 21. Ra3 Be6 22. Nxe5 Nxe2+ 23. Qxe2 Bxe5 24. Rad3 Bg7 25. Bd4 Bxd4 26. Rxd4 Qe7 27. Qd2 Rb8 28. Qh6 Bb3 29. R1d3 Qe5 30. Rh4 Bxa4 31. Ne4 Qg7 32. Qg5 Bc2 33. Rd6 Bxe4 34. Bxe4 Rbe8 35. Bf3 Re5 36. Qd2 Nf6 37. Rf4 Re6 38. Qd4 Nd5 39. Bxd5 Qxd4 40. Rxd4 Rxd6 41. Bxf7+ Kxf7 42. Rxd6 Ke7 43. Rd4 Rf3 44. Kf1 Rb3 45. Ke2 Ke6 46. h4 Ke5 47. Rf4 h6 48. f3 g5 49. Re4+ Kf5 50. g4+ Kf6 51. h5 Rb2+ 52. Ke3 Rb3+ 53. Kf2 Rb2+ 54. Kg3 Rd2 55. Kh3 Kf7 56. f4 Rd3+ 57. Kg2 gxf4 58. Rxf4+ Kg7 59. Kf2 Rd5 60. Kg3 Rd1 61. Re4 Kf7 62. Rf4+ Kg7 63. Kf2 Rd5 64. Kf3 a5 65. bxa5 Rxc5 66. Rd4 Rxa5 67. Rd7+ Kg8 68. Rxb7 Ra4 69. Re7 Rc4 70. Re6 Kh7 71. Rg6 c5 72. Rc6 Kg7 73. Rg6+ Kh7 74. Ke2 Rd4 75. Ke3 Rc4 76. Kf3 Rd4 77. Rc6 Rc4 78. Kg3 Kg7 79. Rc7+ Kg8 80. Kf3 Kh8 81. Ke3 Rxg4 82. Rxc5 Rg5 83. Rxg5 hxg5 1/2-1/2

[Event "Oban op"]
[Site "Oban"]
[Date "2006.12.03"]
[Round "5"]
[White "Ruxton, Keith"]
[Black "Berry, Neil"]
[Result "1/2-1/2"]
[WhiteElo "2344"]
[BlackElo "2341"]
[PlyCount "55"]
[EventDate "2006.12.01"]
[EventType "swiss"]
[EventRounds "5"]
[EventCountry "SCO"]
[SourceTitle "EXT 2008"]
[Source "ChessBase"]
[SourceDate "2007.11.25"]
[SourceVersion "1"]
[SourceVersionDate "2007.11.25"]
[SourceQuality "1"]

1. Nf3 d5 2. d4 Nf6 3. c4 c6 4. Nc3 a6 5. c5 Bf5 6. Qb3 Qc8 7. Nh4 Bg6 8. Bg5 Nbd7 9. Nxg6 hxg6 10. e4 e6 11. Bd3 Be7 12. e5 Ng8 13. Be3 Nh6 14. Qc2 Nf5 15. g4 Nxe3 16. fxe3 Bh4+ 17. Kd2 0-0 18. Raf1 b6 19. cxb6 c5 20. Rf3 cxd4 21. exd4 Nxb6 22. Ke2 Qd8 23. Qc1 Nd7 24. Qe3 Bg5 25. Qf2 Bh4 26. Qe3 Bg5 27. Qf2 Bh4 28. Qe3 1/2-1/2

[Event "Oban op"]
[Site "Oban"]
[Date "2006.12.02"]
[Round "3"]
[White "Ruxton, Keith"]
[Black "McKerracher, Douglas"]
[Result "1-0"]
[WhiteElo "2344"]
[BlackElo "1961"]
[PlyCount "63"]
[EventDate "2006.12.01"]
[EventType "swiss"]
[EventRounds "5"]
[EventCountry "SCO"]
[SourceTitle "EXT 2008"]
[Source "ChessBase"]
[SourceDate "2007.11.25"]
[SourceVersion "1"]
[SourceVersionDate "2007.11.25"]
[SourceQuality "1"]

1. Nf3 f5 2. c4 Nf6 3. Nc3 e6 4. g3 Be7 5. Bg2 0-0 6. 0-0 d6 7. Rb1 c6 8. d3 Qc7 9. b4 e5 10. Qb3 Kh8 11. a4 a5 12. b5 Nbd7 13. bxc6 bxc6 14. Ba3 Rb8 15. Qc2 Nc5 16. Rxb8 Qxb8 17. d4 e4 18. dxc5 exf3 19. Bxf3 dxc5 20. Bxc6 Qc7 21. Nd5 Nxd5 22. cxd5 f4 23. Bxc5 fxg3 24. hxg3 Bg4 25. Rd1 Bd6 26. Bxd6 Qxd6 27. Qe4 h5 28. Qe3 h4 29. Rd4 hxg3 30. Qxg3 Qxg3+ 31. fxg3 Bxe2 32. d6 1-0

[Event "Grangemouth op"]
[Site "Grangemouth"]
[Date "2004.09.12"]
[Round "4"]
[White "Robertson, Ian C"]
[Black "Ruxton, Keith"]
[Result "0-1"]
[WhiteElo "2191"]
[BlackElo "2258"]
[PlyCount "137"]
[EventDate "2004.09.10"]
[EventType "swiss"]
[EventRounds "5"]
[EventCountry "SCO"]
[SourceTitle "EXT 2006"]
[Source "ChessBase"]
[SourceDate "2005.11.24"]
[SourceVersion "1"]
[SourceVersionDate "2005.11.24"]
[SourceQuality "1"]

1. d4 d5 2. c3 Nf6 3. Bf4 c6 4. e3 Bf5 5. Nf3 e6 6. Nbd2 h6 7. Ne5 Be7 8. Be2 Nbd7 9. h3 0-0 10. 0-0 c5 11. Re1 Bh7 12. Bd3 Bxd3 13. Nxd3 Rc8 14. dxc5 Nxc5 15. Nxc5 Bxc5 16. Qa4 a6 17. Rad1 Qe8 18. Qxe8 Rfxe8 19. Be5 Nd7 20. Bg3 Red8 21. Kf1 b5 22. Ke2 Nb6 23. Nb3 Be7 24. Rb1 h5 25. a3 Nc4 26. Red1 Kf8 27. Nd4 Nb6 28. f3 Na4 29. Be1 g6 30. Nb3 Nb6 31. Na5 Ke8 32. Bd2 Rd7 33. Rdc1 Na4 34. Nb3 Rdc7 35. Be1 Bd6 36. Rd1 Be7 37. Bg3 Rd7 38. Be1 Nb6 39. Na5 f6 40. Bf2 Na4 41. Be1 Nc5 42. b4 Na4 43. Rdc1 Rdc7 44. Kd3 Kf7 45. Bd2 e5 46. Nb3 Ke6 47. g4 hxg4 48. hxg4 Rh8 49. Rh1 Rcc8 50. Kc2 f5 51. gxf5+ gxf5 52. Rbg1 Bf6 53. Rxh8 Rxh8 54. f4 e4 55. Nd4+ Bxd4 56. cxd4 Kf6 57. Rg2 Nb6 58. Kb3 Nc4 59. Bc1 Rh1 60. Kc2 Rh3 61. Re2 Rg3 62. Kc3 Kg6 63. Kb3 Kh5 64. a4 Kg4 65. axb5 axb5 66. Kc2 Kf3 67. Re1 Kf2 68. Rh1 Nxe3+ 69. Bxe3+ 0-1

[Event "SCO-ch 111th"]
[Site "Hamilton"]
[Date "2004.07.15"]
[Round "6"]
[White "Ruxton, Keith"]
[Black "Grant, Alan"]
[Result "1-0"]
[WhiteElo "2258"]
[BlackElo "2193"]
[PlyCount "69"]
[EventDate "2004.07.10"]
[EventType "swiss"]
[EventRounds "9"]
[EventCountry "SCO"]
[SourceTitle "CBM 101 Extra"]
[Source "ChessBase"]
[SourceDate "2004.09.01"]
[SourceVersion "2"]
[SourceVersionDate "2004.09.01"]
[SourceQuality "1"]

1. Nf3 e6 2. c4 f5 3. Nc3 Nf6 4. g3 Be7 5. Bg2 0-0 6. 0-0 d6 7. Rb1 a5 8. a3 Nc6 9. b4 axb4 10. axb4 Qe8 11. d4 Ne4 12. Nb5 Bd8 13. Nd2 Nxd2 14. Qxd2 e5 15. Bb2 f4 16. c5 Nb8 17. Nc3 exd4 18. Qxd4 dxc5 19. bxc5 Nc6 20. Qd2 Bf5 21. Ra1 Rxa1 22. Rxa1 fxg3 23. hxg3 Bf6 24. Nd5 Bxb2 25. Qxb2 Qc8 26. Ra7 Bh3 27. Bxh3 Qxh3 28. Rxb7 Qf5 29. Nf4 Rf7 30. Qb5 g5 31. Nd3 Nd4 32. Qb2 Nf3+ 33. exf3 Qxd3 34. Rb8+ Rf8 35. Rxf8+ 1-0

[Event "EU-ch U21"]
[Site "Arnhem"]
[Date "1990.12.31"]
[Round "10"]
[White "Polak, Tomas"]
[Black "Ruxton, Keith"]
[Result "1-0"]
[WhiteElo "2355"]
[BlackElo "2250"]
[PlyCount "103"]
[EventDate "1990.12.21"]
[EventType "swiss"]
[EventRounds "11"]
[EventCountry "NED"]
[SourceTitle "EXT 2004"]
[Source "ChessBase"]
[SourceDate "2003.11.25"]
[SourceVersion "1"]
[SourceVersionDate "2003.11.25"]
[SourceQuality "1"]

1. e4 e6 2. d4 d5 3. Nd2 Nf6 4. e5 Nfd7 5. Bd3 c5 6. c3 Nc6 7. Ne2 cxd4 8. cxd4 f6 9. exf6 Nxf6 10. Nf3 Bd6 11. 0-0 Qc7 12. g3 Nh5 13. Nc3 a6 14. Re1 Nf6 15. Ne2 0-0 16. Bf4 Bd7 17. Rc1 Ng4 18. Bb1 Rae8 19. Bxd6 Qxd6 20. Nf4 Rxf4 21. gxf4 Qxf4 22. Rc3 Rf8 23. h3 Nf6 24. Qc1 Qd6 25. Qd2 Nh5 26. Ne5 Rf4 27. Nxc6 bxc6 28. Re5 g6 29. a3 Qf8 30. b4 Qf6 31. Qe3 Ng7 32. Kg2 Qh4 33. Qg3 Qxg3+ 34. fxg3 Rxd4 35. Bd3 Kf7 36. Bxa6 Kf6 37. Re2 e5 38. Bb7 e4 39. Bxc6 Bxc6 40. Rxc6+ Ke5 41. b5 Rd3 42. Rb2 e3 43. b6 Rd2+ 44. Rxd2 exd2 45. b7 d1Q 46. b8Q+ Ke4 47. Qf4+ Kd3 48. Qf1+ Qxf1+ 49. Kxf1 Nf5 50. a4 Ne3+ 51. Ke1 Nc4 52. g4 1-0

[Event "EU-ch U21"]
[Site "Arnhem"]
[Date "1990.12.23"]
[Round "3"]
[White "Martens, Martin"]
[Black "Ruxton, Keith"]
[Result "1-0"]
[WhiteElo "2325"]
[BlackElo "2250"]
[PlyCount "81"]
[EventDate "1990.12.21"]
[EventType "swiss"]
[EventRounds "11"]
[EventCountry "NED"]
[SourceTitle "EXT 2004"]
[Source "ChessBase"]
[SourceDate "2003.11.25"]
[SourceVersion "1"]
[SourceVersionDate "2003.11.25"]
[SourceQuality "1"]

1. e4 e6 2. Nf3 d5 3. e5 b6 4. g3 Bb7 5. Bg2 Nd7 6. 0-0 Ne7 7. d4 h6 8. c3 g5 9. Na3 Ng6 10. Be3 Be7 11. Nc2 c6 12. a4 Qc7 13. a5 0-0-0 14. axb6 axb6 15. Qe2 Rhg8 16. Kh1 g4 17. Nd2 h5 18. Kg1 f5 19. exf6 Bxf6 20. Ra7 Nb8 21. Rfa1 Rde8 22. c4 Qd7 23. Nb3 Bd8 24. Nb4 h4 25. Nd3 Qh7 26. cxd5 cxd5 27. Nb4 hxg3 28. hxg3 Rh8 29. Qxg4 Qh2+ 30. Kf1 Rhg8 31. Rc1+ Bc7 32. Nxd5 Qxg2+ 33. Kxg2 Bxd5+ 34. Kf1 Re7 35. Bf4 Nc6 36. Rxc6 Bxc6 37. Rxc7+ Rxc7 38. Qxe6+ Kb7 39. Bxc7 Rh8 40. Qxg6 Bf3 41. Qxb6+ 1-0